Informe final del Ejercicio Profesional Supervisado, realizado en la Asociación Civil de Pequeños y Medianos Agricultores del Kape (ASOKAPE), aldea Chiquixji, San Pedro Carchá, Alta Verapaz/ (Registro nro. 1178)

Detalles MARC
000 -LEADER
campo de control de longitud fija 03371nam a22003137i 4500
001 - NÚMERO DE CONTROL
campo de control TCPA 87
003 - IDENTIFICADOR DE NÚMERO DE CONTROL
campo de control gtcocun
005 - FECHA Y HORA DE LA ÚLTIMA TRANSACCIÓN
campo de control 20250818205907.0
006 - CÓDIGOS DE INFORMACIÓN DE LONGITUD FIJA--CARACTERÍSTICAS DEL MATERIAL ADICIONAL
campo de control de longitud fija a||||gr|||| 00| 0
008 - DATOS DE LONGITUD FIJA--INFORMACIÓN GENERAL
campo de control de longitud fija 250818b2021 gt ||||| m||| 00| 0 eng d
040 ## - FUENTE DE CATALOGACIÓN
Centro catalogador/agencia de origen gtcocun
Lengua de catalogación SPA
Centro/agencia transcriptor gtcocun
Normas de descripción RDA
041 ## - CÓDIGO DE IDIOMA
Código de lengua del texto/banda sonora o título independiente SPA
084 ## - OTRO NÚMERO DE CLASIFICACIÓN
Número de control del registro de autoridad o número normalizado TCPA 87
100 ## - ENTRADA PRINCIPAL--NOMBRE DE PERSONA
Nombre de persona Caal Cacao, Hector Froilan
Término indicativo de función/relación Autor
245 ## - MENCIÓN DEL TÍTULO
Título Informe final del Ejercicio Profesional Supervisado, realizado en la Asociación Civil de Pequeños y Medianos Agricultores del Kape (ASOKAPE), aldea Chiquixji, San Pedro Carchá, Alta Verapaz/
Mención de responsabilidad, etc. Hector Froilan Caal Cacao
Medio Impreso
264 ## - PRODUCCIÓN, PUBLICACIÓN, DISTRIBUCIÓN, FABRICACIÓN Y COPYRIGHT
Producción, publicación, distribución, fabricación y copyright Cobán, Alta Verapaz:
Nombre del de productor, editor, distribuidor, fabricante Universidad de San Carlos de Guatemala, Centro Universitario del Norte, Licenciatura en Contaduría Pública y Auditoría.
Fecha de producción, publicación, distribución, fabricación o copyright 2021
300 ## - DESCRIPCIÓN FÍSICA
Extensión 75 p.:
Otras características físicas Ilustraciones, gráficas.
Dimensiones 28 cm; PDF
336 ## - TIPO DE CONTENIDO
Fuente rdacontenido
Término de tipo de contenido Texto
Código de tipo de contenido txt
337 ## - TIPO DE MEDIO
Fuente rdamedio
Nombre/término del tipo de medio Computadora
Código del tipo de medio n
338 ## - TIPO DE SOPORTE
Fuente rdasoporte
Nombre/término del tipo de soporte Código en línea
Código del tipo de soporte cr
502 ## - NOTA DE TESIS
identificador de la tesis .
502 ## - NOTA DE TESIS
Nota de tesis Tesis de grado
Tipo de título Licenciatura en Contaduría Pública y Auditoría.
Nombre de la institución que otorga el título Universidad de San Carlos de Guatemala, Centro Universitario del Norte, Licenciatura en Contaduría Pública y Auditoría.
Año de obtención del título 2021
Identificador de la tesis TCPA 87
520 14 - RESUMEN, ETC.
Sumario, etc. El presente informe del ejercicio profesional supervisado fue ejecutado en la Asociación<br/>Civil de Pequeños y Medianos Agricultores del Kape (ASOKAPE) que se encuentra<br/>ubicado en área céntrica de la aldea Chiquixji, al norte del municipio de San Pedro<br/>Carchá, Alta Verapaz, cuyo objeto primordial consiste en agrupar en el seno a todas<br/>aquellas personas que se dedican a cultivar, producir, procesar café cereza, pergamino,<br/>oro y tostado de todas las especies que sea posible en dicha área.<br/>El mismo se desarrolló en varias etapas, se inicia con la fase de diagnóstico, en el que se<br/>determinaron las debilidades a nivel de la asociación y se jerarquizaron de acuerdo al<br/>grado de relevancia. Posteriormente se plantearon las posibles soluciones en el respectivo<br/>plan de trabajo, para luego realizar la etapa de ejecución en la que se desarrollaron cada<br/>una de las actividades plasmadas.<br/>En el proceso de ejecución de las actividades se realizó la reestructuración contable en la<br/>que se plantearon las correcciones necesarias para los períodos del 2015 al 2018. La<br/>implementación de un manual contable para mejorar el ambiente de control de la<br/>asociación y asegurar que la información esté libre de errores materiales. También se<br/>elaboró un estudio del sistema de costos de producción del proceso que se tiene ejecutado<br/>y el tratamiento contable a los mismos.<br/>Como parte de la labor realizada la información se presentará en forma sintetizada e<br/>incluirá la descripción de las actividades mencionadas en el anterior párrafo, datos<br/>relevantes del desarrollo de los mismos y el respectivo análisis y discusión de resultados<br/>y en la última parte de este trabajo incluye las correspondientes conclusiones y<br/>recomendaciones.
650 ## - PUNTO DE ACCESO ADICIONAL DE MATERIA--TÉRMINO DE MATERIA
Fuente del encabezamiento o término LEMB
Término de materia o nombre geográfico como elemento de entrada Carchá, Alta Verapaz
Subdivisión general reestructuracion contable
-- manual contable
-- sistema de costos
-- producción
700 ## - ENTRADA AGREGADA--NOMBRE PERSONAL
Nombre de persona Lic. Mario Fernando Barrios Figueróa
Término indicativo de función/relación Asesor
856 ## - LOCALIZACIÓN Y ACCESO ELECTRÓNICOS
Identificador Uniforme de Recurso <a href="https://drive.google.com/file/d/1Sx4HVgdpMH1rQOJUXfH00XP9Cr4sANDK/view?usp=sharing">https://drive.google.com/file/d/1Sx4HVgdpMH1rQOJUXfH00XP9Cr4sANDK/view?usp=sharing</a>
Texto de enlace PDF
Nota pública Un ejemplar en línea.
942 ## - ELEMENTOS DE ENTRADA SECUNDARIOS (KOHA)
Fuente de la clasificación o esquema de estantería Clasificación Decimal Dewey
Tipo de ítem Koha TESIS
Parte de la signatura que identifica el ejemplar (Parte del ítem) TCPA_87
Prefijo de la signatura Clasificación
Suprimir en OPAC No
-- TCPA__87
Existencias
Estatus retirado Estado de pérdida Fuente de la clasificación o esquema de estantería Estado de daño No para préstamo Colección Biblioteca de origen Biblioteca actual Ubicación en estantería Fecha de adquisición Número de inventario Total de préstamos Signatura topográfica completa Código de barras Visto por última vez Precio de reemplazo Tipo de ítem Koha
    Clasificación Decimal Dewey     tesis BIBLIOTECA- CUNOR -JOSÉ LUIS GONZALES ROSALES BIBLIOTECA- CUNOR -JOSÉ LUIS GONZALES ROSALES Colección tesis 18/08/2025 TCPA 087   TCPA 087 TCPA 087 18/08/2025 18/08/2025 TESIS